Countries Not Containing “E” or “A” - Statistics

General Stats
  • This quiz has been taken 436 times
  • The average score is 6 of 8
Answer Stats
Continent Country % Correct
Oceania Fiji
90%
Africa Morocco
80%
Africa Togo
80%
Europe Kosovo
78%
Africa Djibouti
73%
Africa Comoros
71%
Africa Burundi
69%
Asia Cyprus
58%
No matching quizzes found
Score Distribution
Percent of People with Each Score
Percentile by Number Answered
Your Score History
You have not taken this quiz